[Event "Rheinhausen-ch 10th"]
[Site "Duisburg Rheinhausen"]
[Date "2006.03.17"]
[Round "6.14"]
[White "Hillebrand, Bernd"]
[Black "Junker, Bernd"]
[Result "1-0"]
[WhiteElo "1342"]
[BlackElo "1643"]
[PlyCount "27"]
[EventDate "2006.01.06"]
[EventType "swiss"]
[EventRounds "7"]
[EventCountry "GER"]
[SourceTitle "EXT 2007"]
[Source "ChessBase"]
[SourceDate "2006.11.23"]
[SourceVersion "1"]
[SourceVersionDate "2006.11.23"]
[SourceQuality "1"]

1. d4 d5 2. c4 e6 3. Nc3 Nf6 4. Nf3 Be7 5. e3 0-0 6. cxd5 exd5 7. Bd3 Nbd7 8. 0-0 Re8 9. Qc2 Nf8 10. Ne5 c6 11. Qb3 N6d7 12. f4 f6 13. Nxd5 Nxe5 14. Nxf6+ 1-0

[Event "Rheinhausen-ch 10th"]
[Site "Duisburg Rheinhausen"]
[Date "2006.01.20"]
[Round "2.14"]
[White "Hillebrand, Bernd"]
[Black "Michels, Rene"]
[Result "0-1"]
[WhiteElo "1342"]
[BlackElo "1304"]
[PlyCount "60"]
[EventDate "2006.01.06"]
[EventType "swiss"]
[EventRounds "7"]
[EventCountry "GER"]
[SourceTitle "EXT 2007"]
[Source "ChessBase"]
[SourceDate "2006.11.23"]
[SourceVersion "1"]
[SourceVersionDate "2006.11.23"]
[SourceQuality "1"]

1. d4 Nf6 2. c4 g6 3. Nc3 d5 4. cxd5 Nxd5 5. e4 Nb6 6. Be3 Bg7 7. Be2 0-0 8. h4 N8d7 9. d5 Ne5 10. h5 e6 11. hxg6 fxg6 12. Nf3 Nec4 13. Bg5 Qd7 14. Qb3 exd5 15. 0-0-0 Na5 16. Qc2 d4 17. Nb1 Qd6 18. Bh6 Be6 19. Bxg7 Bxa2 20. Be5 Qe6 21. Rxd4 Nb3+ 22. Kd1 Nxd4 23. Qxc7 Qb3+ 24. Ke1 Nxf3+ 25. gxf3 Rf7 26. Qd6 Qe6 27. Qxe6 Bxe6 28. Nc3 Rc8 29. Bd3 Rxf3 30. Ke2 Bg4 0-1

[Event "Rheinhausen op"]
[Site "Duisburg"]
[Date "2005.01.07"]
[Round "1"]
[White "Hillebrand, Bernd"]
[Black "Blenkers, Christian"]
[Result "0-1"]
[WhiteElo "1188"]
[BlackElo "1743"]
[PlyCount "46"]
[EventDate "2005.01.07"]
[EventType "swiss"]
[EventRounds "7"]
[EventCountry "GER"]
[SourceTitle "EXT 2006"]
[Source "ChessBase"]
[SourceDate "2005.11.24"]
[SourceVersion "1"]
[SourceVersionDate "2005.11.24"]
[SourceQuality "1"]

1. d4 Nf6 2. c4 d5 3. Nc3 e6 4. e3 c5 5. cxd5 Nxd5 6. Nf3 Nc6 7. Be2 cxd4 8. Nxd5 Qxd5 9. exd4 Be7 10. Be3 b6 11. b3 Bb7 12. Bc4 Bb4+ 13. Bd2 Qe4+ 14. Qe2 Bxd2+ 15. Kxd2 Qg4 16. Kc3 0-0 17. Rhg1 Rac8 18. h3 Qf4 19. Rad1 b5 20. Kb2 bxc4 21. Qxc4 Ne5 22. Qe2 Nxf3 23. gxf3 Bxf3 0-1